LabVIEW : un enfoque práctico para principiantes /

Detalles Bibliográficos
Autores principales: Torres Chávez, Ivaldo (Autor), Mejía Bugallo, Diego Armando (Autor), Suárez Villamizar, Wilson Andrés (Autor)
Formato: Electrónico eBook
Lenguaje:español
Publicado: [Pamplona, Colombia] : Sello Editorial Unipamplona, [2023]
Edición:Primera edición.
Colección:Colección Tecnologías e ingenierías (Universidad de Pamplona)
Materias:
Acceso en línea:Digitalia Hispánica

MARC

LEADER 00000nam a2200000 i 4500
001 DIGUPAMP0052
003 NyNyDIG
007 cr |||||||||||
008 250903s2023 ck a ob 000 0 spa d
006 m o d
035 |a (OCoLC)1536544774 
040 |a DGITA  |b eng  |e rda  |e pn  |c DGITA 
020 |a 9786287656048  |q (digital) 
024 7 |a 10.24054/seu.38  |2 doi 
050 1 4 |a Q185 ebook 
100 1 |a Torres Chávez, Ivaldo,  |e author. 
245 1 0 |a LabVIEW :  |b un enfoque práctico para principiantes /  |c Ivaldo Torres Chávez, Diego Armando Mejía Bugallo, Wilson Andrés Villamizar Suárez. 
250 |a Primera edición. 
264 1 |a [Pamplona, Colombia] :  |b Sello Editorial Unipamplona,  |c [2023] 
300 |a 1 online resource :  |b illustrations. 
336 |a text  |b txt  |2 rdacontent 
337 |a computer  |b c  |2 rdamedia 
338 |a online resource  |b cr  |2 rdacarrier 
347 |a text file  |2 rdaft 
347 |b PDF 
490 1 |a Colección Tecnologías e ingenierías 
504 |a Includes bibliographical references. 
588 0 |a Online resource; title from PDF title page (Digitalia, viewed September 3, 2025) 
630 0 0 |a LabVIEW. 
650 0 |a Scientific apparatus and instruments  |x Computer simulation. 
650 0 |a Computer graphics. 
650 0 |a Computer programming. 
700 1 |a Mejía Bugallo, Diego Armando,  |e author. 
700 1 |a Suárez Villamizar, Wilson Andrés,  |e author. 
791 2 |a Digitalia (Firm),  |e distributor. 
793 0 |g Digitalia eBook Collection:  |a Universidad de Pamplona 
830 0 |a Colección Tecnologías e ingenierías (Universidad de Pamplona) 
856 4 0 |3 Digitalia Hispánica  |u https://www.digitaliapublishing.com/a/175699/ 
910 |a Premium collection: 2025